| 000 | 00605cam a2200145 4500500 | ||
|---|---|---|---|
| 005 | 20260208005741.0 | ||
| 041 | _afre | ||
| 042 | _adc | ||
| 100 | 1 | 0 |
_aL’Aminot, Tanguy _eauthor |
| 245 | 0 | 0 | _aLAURENCE MALL, Émile ou les figures de la fiction. Oxford, Voltaire Foundation, 2002. Un vol. de X + 334 p. (coll. SVEC, 2002 : 04). |
| 260 | _c2003. | ||
| 500 | _a22 | ||
| 786 | 0 | _nRevue d'histoire littéraire de la France | 103 | 3 | 2003-08-01 | p. 707y-754y | 0035-2411 | |
| 856 | 4 | 1 | _uhttps://shs.cairn.info/revue-d-histoire-litteraire-de-la-france-2003-3-page-707y?lang=fr&redirect-ssocas=7080 |
| 999 |
_c1653576 _d1653576 |
||